| 000 | 00604nam a22002297a 4500 | ||
|---|---|---|---|
| 003 | OSt | ||
| 008 | 260629b |||||||| |||| 00| 0 eng d | ||
| 020 | _a9788170196433 | ||
| 082 |
_a579.6 _bD49T |
||
| 100 | _aDevi, Sobita | ||
| 245 |
_aTextbook of Mushroom _cDevi, Sobita |
||
| 260 |
_aNew Delhi _bTTPP _c2019 |
||
| 300 | _a124p. | ||
| 365 | _e1595.00, INR | ||
| 650 | _aMushrooms $v Textbooks. | ||
| 650 | _aMushroom culture $v Textbooks. | ||
| 650 | _aMycology $v Textbooks. | ||
| 650 | _aFungi $v Textbooks. | ||
| 700 | _aLal, Abhilasha A | ||
| 700 | _aSingh, Archana U | ||
| 942 |
_2ddc _cBK |
||
| 999 |
_c52461 _d52461 |
||